| 000 | 00608cam a22002171 4500 | ||
|---|---|---|---|
| 001 | sa 65003643 | ||
| 003 | DLC | ||
| 005 | 20260227112124.0 | ||
| 008 | 881102s1956 ii 000 0 hino | ||
| 010 | _asa 65003643 | ||
| 035 | _a(OCoLC)23553215 | ||
| 040 |
_aDLC _cMiU _dNRU _dDLC |
||
| 042 | _apremarc | ||
| 050 | 0 | 0 |
_aPK2098.C5259 _bY8 |
| 100 | 1 |
_aCaturvedī, Makhanalāla, _d1889-1968. |
|
| 245 | 1 | 0 |
_aYuga-caraṇa. _c[Lekhaka] Mākhanalāla Caturvedī. |
| 250 | _a[1. saṃskaraṇa. | ||
| 260 |
_aPrayāga, _bBhāratī Bhanḍāra, _c1956] |
||
| 300 |
_a5, 2, 65 p. _c22 cm. |
||
| 500 | _aIn Hindi. | ||
| 999 |
_c63247 _d63247 |
||